Rapport d'information : Déposé en application de l'article 145 du règlement par la commission de la défense nationale et des forces armées : No 1601 /
שמור ב:
| מחבר תאגידי: | |
|---|---|
| פורמט: | Sách giấy |
| שפה: | Vietnamese |
| יצא לאור: |
Paris :
Assemblée nationale,
1994.
|
| תגים: |
הוספת תג
אין תגיות, היה/י הראשונ/ה לתייג את הרשומה!
|
| Thư viện lưu trữ: | Thư viện Trường Đại học Đà Lạt |
|---|
| LEADER | 00764nam a2200277 4500 | ||
|---|---|---|---|
| 001 | DLU140166638 | ||
| 005 | ##20141227 | ||
| 040 | # | # | |a DLU |b vie |
| 041 | # | # | |a vie |
| 044 | # | # | |a vn |
| 082 | # | # | |a 328.44 |b ASS |
| 110 | # | # | |a Assemblée nationale. |
| 245 | # | # | |a Rapport d'information : |b Déposé en application de l'article 145 du règlement par la commission de la défense nationale et des forces armées : No 1601 / |c Assemblée nationale. |
| 260 | # | # | |a Paris : |b Assemblée nationale, |c 1994. |
| 300 | # | # | |a 97 tr. ; |c 25 cm. |
| 923 | # | # | |a 06/2014 |
| 991 | # | # | |a SH |
| 992 | # | # | |a 3900 |
| 994 | # | # | |a DLU |
| 900 | # | # | |a True |
| 911 | # | # | |a Đào Thị Thu Huyền |
| 925 | # | # | |a G |
| 926 | # | # | |a A |
| 927 | # | # | |a SH |
| 980 | # | # | |a Thư viện Trường Đại học Đà Lạt |